明日方舟各sidestory活动名 Arknight sidestory names - Statistics

General Stats
  • This quiz has been taken 55 times
  • The average score is 23 of 34
Answer Stats
类型 Sidestory 关卡 % Correct
别传 火蓝之心 OF
87%
插曲 巴别塔 BB
83%
别传 骑兵与猎人 GT
81%
别传 多索雷斯假日 DH
81%
插曲 孤星 CW
81%
插曲 愚人号 SN
79%
别传 沃伦姆德的薄暮 TW
74%
别传 玛莉娅·临光 MN
74%
别传 画中人 WR
74%
别传 将进酒 IW
74%
插曲 生于黑夜 DM
72%
插曲 覆潮之下 SV
72%
别传 叙拉古人 IS
72%
别传 喧闹法则 CB
70%
别传 长夜临光 NL
70%
别传 银心湖列车 RS
70%
别传 崔林特尔梅之金 ZT
66%
别传 绿野幻梦 DV
64%
别传 登临意 WB
64%
别传 火山旅梦 SL
64%
别传 空想花庭 HE
62%
别传 风雪过境 BI
60%
别传 理想城:长夏狂欢季 IC
60%
别传 怀黍离 HS
60%
别传 密林悍将归来 RI
57%
别传 孤岛风云 MB
57%
别传 源石尘行动 OD
57%
插曲 遗尘漫步 WD
57%
别传 照我以火 FC
57%
别传 不义之财 CV
57%
别传 吾导先路 GA
55%
别传 尘影余音 LE
55%
别传 水晶箭行动 CR
53%
别传 落叶逐火 CF
34%
No matching quizzes found
Score Distribution
Percent of People with Each Score
Percentile by Number Answered
Your Score History
You have not taken this quiz